00357nam a2200145Ia 4500008004100000020001500041041001200056100001600068245005900084250000800143260002500151300000800176650001400184700001300198221030s9999 xx 000 0 und d a1259003884 aEnglish aP. Weinberg 0aSQL : The Complete Referencecby P. Weinberg, J. Groff a3rd bTMHaNew Delhic2012 a882 aComputers aJ. Groff